Seme di strega : una riscrittura della Tempesta /
Sábháilte in:
| Príomhchruthaitheoir: | |
|---|---|
| Rannpháirtithe: | |
| Formáid: | LEABHAR |
| Teanga: | Iodáilis |
| Foilsithe / Cruthaithe: |
Milano :
Rizzoli,
2017
|
| Sraith: | La scala
|
| Clibeanna: |
Níl clibeanna ann, Bí ar an gcéad duine le clib a chur leis an taifead seo!
|
MARC
| LEADER | 00000nam a2200000 i 4500 | ||
|---|---|---|---|
| 001 | IT\ICCU\MOD\1674958 | ||
| 003 | ItRI | ||
| 005 | 20260115232050.0 | ||
| 008 | 171106s2017 it |||||| ||||| |||||c | ||
| 015 | |2 IT |a 2017-9453 | ||
| 020 | |a 9788817095723 | ||
| 040 | |b ita |c importazione bologna sebina | ||
| 041 | 7 | |a ita |2 ISO-639-2 | |
| 082 | |a 813.54 |9 NARRATIVA AMERICANA IN LINGUA INGLESE, 1945-1999 |2 23 | ||
| 100 | 1 | |a Atwood, Margaret |0 IT\ICCU\CFIV\027990 | |
| 240 | 1 | 0 | |a Hag-seed |3 IT\ICCU\CFI\0961602 |
| 245 | 1 | 0 | |a Seme di strega : |b una riscrittura della Tempesta / |c Margaret Atwood ; traduzione di Laura Pignatti. |
| 260 | |a Milano : |b Rizzoli, |c 2017 | ||
| 300 | |a 318 p. ; |c 24 cm | ||
| 700 | 1 | |a Pignatti, Laura |0 IT\ICCU\RAVV\068273 |4 trl | |
| 790 | 1 | |a Atwood, Margaret Eleanor |3 IT\ICCU\SBNV\028950 |z Atwood, Margaret | |
| 790 | 1 | |a Atwood, Margareth |3 IT\ICCU\SBNV\058020 |z Atwood, Margaret | |
| 830 | 3 | |a La scala |0 IT\ICCU\CFI\0000061 | |
| 942 | |2 ddc |c BK |n 0 | ||
| 952 | |0 0 |1 0 |4 0 |6 DOC_813_540000000000000_ATW |7 0 |9 19447 |a BO |b BO |d 2026-01-15 |i 19888 |l 0 |o DOC 813.54 ATW |p BO19888 |r 2026-01-15 23:20:50 |w 2026-01-15 |x [Sebina 5] [1 v.] |y BK |z 1 v. | ||
| 999 | |c 16558 |d 16558 | ||